[Event "Stay Safe Play From Home 317"]
[Site "Emanuel Lasker Arena"]
[Date "2020.07.20"]
[Round "7"]
[White "Mepe_Nika"]
[Black "NTBT_DHS"]
[Result "0-1"]
[WhiteElo "2389"]
[BlackElo "2504"]
[Annotator "TA"]
[PlyCount "36"]
[EventDate "2020.07.20"]
[EventType "swiss (blitz)"]

{[%evp 14,36,44,6,34,-52,-48,-45,-43,-43,-44,-47,-48,-64,-57,-64,-79,-303,-306,-289,-277,-264,-238,-1054,-1070]} 1. d4 g6 2. e4 Bg7 3. Nf3 d6 4. Bd3 Nf6 5. O-O O-O 6. c3 e5 7. h3 Nc6 8. Nbd2 Nh5 {[%cal Re5d4] [#] B07: Pirc Defence: Miscellaneous Systems.} 9. a4 $146 (9. Nb3 $14) ({Predecessor:} 9. Nb3 h6 10. Re1 Qf6 11. Bf1 Rd8 12. d5 Nb8 13. g3 Qe7 14. c4 b6 15. Nh2 a5 16. Nd2 {0-1 (95) Aronian,L (2803)-Grischuk,A (2783) Beijing 2013}) 9... exd4 $15 10. cxd4 Nxd4 {Black is slightly better.} 11. Nxd4 Bxd4 12. Nf3 Bg7 13. Rb1 Be6 14. b4 Ba2 15. Bb2 $2 (15. Bg5 $17 Bf6 16. Rb2 Bxg5 17. Rxa2) 15... Bxb1 $19 16. Qxb1 Nf4 {[#] White must now prevent ...Bxb2.} 17. Bc4 Re8 {And now ...Bxb2 would win.} 18. Ng5 $2 (18. Bc1 Qf6 19. Kh2) 18... Qxg5 {White got outplayed after the opening} 0-1

[Event "Stay Safe Play From Home 317"]
[Site "Emanuel Lasker Arena"]
[Date "2020.07.20"]
[Round "7"]
[White "Mr bh6"]
[Black "NeatFox"]
[Result "1-0"]
[WhiteElo "2353"]
[BlackElo "1820"]
[Annotator "TA"]
[PlyCount "99"]
[EventDate "2020.07.20"]
[EventType "swiss (blitz)"]

{[%evp 12,98,-5,-17,2,-1,0,-4,0,-43,-35,-77,-37,-57,-2,-61,-59,-44,-51,-34,-52,-16,-10,-113,0,-28,149,0,0,0,29993,29990,29994,765,5115,187,187,178,181,87,267,260,980,980,980,866,797,796,2019,1872,29965,29969,29968,5435,29976,29975,29975,29975,29977,29978,29981,29982,29982,29983,29983,29983,29984,29985,29985,29986,29986,29987,29987,29987,29992,29993,29993,29987,29994,29993,29995,29994,29996,29995,29997,29998,29998,29999,29999]} 1. g3 c6 2. Bg2 d5 3. f4 Nf6 4. Nf3 g6 5. O-O Bg7 6. d3 O-O 7. Qe1 Nfd7 {[#] A03: Bird's Opening with 1...d5.} 8. Nbd2 $146 ({Predecessor:} 8. Nc3 e5 9. e4 exf4 10. gxf4 Re8 11. Qg3 Nf6 12. f5 dxe4 13. dxe4 Nbd7 14. Kh1 Nh5 15. Qf2 {0-1 (30) Lima,D (2525)-Tempone,M (2439) Buenos Aires 2000}) 8... e5 9. fxe5 Nxe5 {The position is equal.} 10. e4 Nxf3+ 11. Bxf3 dxe4 12. Nxe4 Bf5 (12... Bh3 $15 13. Rf2 Nd7) 13. Bg5 (13. Qb4 $11) 13... Qb6+ $1 $15 14. Be3 Qxb2 15. Rb1 Qxc2 16. Rxb7 Qxa2 {White should prevent ...Nd7.} 17. Nd6 (17. Rf2 $11 {remains equal.} Qe6 18. Nc5) 17... Bxd3 (17... Be6 $1 $17 18. Qb1 Qxb1 19. Rfxb1 Rd8 20. Rxa7 Rxa7 21. Bxa7 Na6) 18. Rf2 $11 Qa6 $2 {[#]} ({Black should try} 18... Qe6 $11 19. Rxf7 Rxf7 20. Nxf7 Qxf7) 19. Rxf7 (19. Bh6 $1 $16 {[%mdl 512] Rxf7! would kill now.} Qxb7 (19... Bxh6 20. Rxf7) 20. Nxb7 Bxh6 21. Nd6) 19... Rxf7 20. Nxf7 Kxf7 $4 {[%mdl 8192]} (20... Nd7 $11) 21. Bxc6+ Kg8 22. Bxa8 (22. Bd5+ $142 Qe6 23. Rf8+ $1 {[%mdl 576] Decoy} Kxf8 24. Bc5+ Ke8 25. Qxe6+ Kd8 26. Qe7+ {[%mdl 64] Double Attack} Kc8 27. Bb7#) 22... Nc6 {[#]} 23. Bg5 $2 (23. Bh6 $1 {[%mdl 512] White wants to mate with Qe8+.} Be2 (23... Bxh6 24. Qe8+) 24. Bxg7 Kxg7 25. Qc3+ {[%mdl 64] Double Attack} Kh6 26. Bxc6) 23... Qc8 $18 24. Bxc6 $40 {[%mdl 128] White is out for blood.} Qxc6 25. Qd2 (25. Qa5 $18 {and White stays clearly on top. Threatening mate with Qd8+.} Bb5 26. Qxa7) 25... Bf5 $2 {Loses the game.} (25... Qb5 $16) 26. Qd8+ Bf8 $2 (26... Kf7 27. g4 {[%mdl 64] Pin} h6) 27. g4 Qd7 28. gxf5 Qxd8 29. Bxd8 Bc5 30. f6 Bxf2+ 31. Kxf2 {[%mdl 4096] Endgame KB-K3P} Kf7 32. Kg3 (32. Ke3 $142 g5 33. Ke4 Ke6 {[#]} 34. f7 $1 {[%mdl 512]} Kxf7 35. Bxg5 Kg6 36. Bd8 Kh6 37. Kf4) 32... a5 33. Bxa5 {White mates.} Kxf6 {KB-KPP} 34. Kf4 h6 35. Bc3+ Ke6 36. Bg7 h5 37. Kg5 Kf7 38. Bh6 h4 39. Kxh4 {KB-KP} Kf6 40. Kg4 Ke6 41. Kg5 Kf7 42. h3 Kg8 43. Kxg6 Kh8 44. Bf4 Kg8 45. Bd6 Kh8 46. h4 Kg8 47. h5 Kh8 48. h6 Kg8 49. h7+ Kh8 50. Be5# {Accuracy: White = 55%, Black = 51%.} 1-0

[Event "Stay Safe Play From Home 317"]
[Site "Emanuel Lasker Arena"]
[Date "2020.07.20"]
[Round "7"]
[White "Little champs"]
[Black "Declan 1234"]
[Result "1-0"]
[WhiteElo "2296"]
[BlackElo "1283"]
[Annotator "NA RC"]
[PlyCount "59"]
[EventDate "2020.07.20"]
[EventType "swiss (blitz)"]

1. e4 {[%emt 0:00:02]} d6 {[%emt 0:00:02]} 2. d4 {[%emt 0:00:01]} Nf6 {[%emt 0:00:00]} 3. Nc3 {[%emt 0:00:00]} g6 {[%emt 0:00:01]} 4. f4 {[%emt 0:00:01]} Bg7 {[%emt 0:00:00]} 5. Nf3 {[%emt 0:00:01]} O-O {[%emt 0:00:01]} 6. Bc4 {[%emt 0:00:00]} Bg4 {[%emt 0:00:01]} 7. h3 {[%emt 0:00:03]} Bxf3 {[%emt 0:00:00]} 8. Qxf3 {[%emt 0:00:01]} c6 {[%emt 0:00:00]} 9. Be3 {[%emt 0:00:01]} Nbd7 {[%emt 0:00:01]} 10. O-O-O {[%emt 0:00:02]} e5 {[%emt 0:00:01]} 11. dxe5 {[%emt 0:00:01]} dxe5 {[%emt 0:00:02]} 12. fxe5 {[%emt 0:00:01]} Ne8 {[%emt 0:00:05]} 13. e6 {[%emt 0:00:01]} fxe6 {[%emt 0:00:04]} 14. Bxe6+ {[%emt 0:00:02]} Kh8 {[%emt 0:00:02]} 15. Qe2 {[%emt 0:00:01]} Qe7 {[%emt 0:00:05]} 16. Bxd7 {[%emt 0:00:01]} Nf6 {[%emt 0:00:04]} 17. Bg4 {[%emt 0:00:02]} a5 {[%emt 0:00:05]} 18. Bd4 {[%emt 0:00:01]} b5 {[%emt 0:00:03]} 19. e5 {[%emt 0:00:02]} Nd5 {[%emt 0:00:05]} 20. Nxd5 {[%emt 0:00:01]} cxd5 {[%emt 0:00:01]} 21. e6 {[%emt 0:00:01]} Rac8 {[%emt 0:00:05]} 22. Bxg7+ {[%emt 0:00:01]} Qxg7 {[%emt 0:00:04]} 23. e7 {[%emt 0:00:01]} Rfe8 {[%emt 0:00:02]} 24. Bxc8 {[%emt 0:00:01]} Rxc8 {[%emt 0:00:02]} 25. e8=Q+ {[%emt 0:00:01]} Rxe8 {[%emt 0:00:02]} 26. Qxe8+ {[%emt 0:00:02]} Qg8 {[%emt 0:00:00]} 27. Qxg8+ {[%emt 0:00:00]} Kxg8 {[%emt 0:00:00]} 28. Rxd5 {[%emt 0:00:00]} b4 {[%emt 0:00:02]} 29. Rb5 {[%emt 0:00:00]} a4 {[%emt 0:00:02]} 30. Rxb4 {[%emt 0:00:01] Zeit (Lag: Av=0.93s, max=1.7s)} 1-0

[Event "Stay Safe Play From Home 317"]
[Site "Emanuel Lasker Arena"]
[Date "2020.07.20"]
[Round "7"]
[White "SoulofWolf"]
[Black "AChessPlayer"]
[Result "0-1"]
[WhiteElo "2152"]
[BlackElo "2410"]
[Annotator "RC"]
[PlyCount "92"]
[EventDate "2020.07.20"]
[EventType "swiss (blitz)"]

1. e4 {[%emt 0:00:00]} c6 {[%emt 0:00:01]} 2. Nc3 {[%emt 0:00:00]} d5 {[%emt 0:00:00]} 3. f4 {[%emt 0:00:00]} dxe4 {[%emt 0:00:01]} 4. Nxe4 {[%emt 0:00:00]} Nf6 {[%emt 0:00:00]} 5. Ng3 {[%emt 0:00:00]} Bg4 {[%emt 0:00:02]} 6. Be2 {[%emt 0:00:01]} Bxe2 {[%emt 0:00:01]} 7. N1xe2 {[%emt 0:00:00]} e6 {[%emt 0:00:00]} 8. O-O {[%emt 0:00:00]} Bc5+ {[%emt 0:00:01]} 9. Kh1 {[%emt 0:00:00]} h5 {[%emt 0:00:02]} 10. d4 {[%emt 0:00:01]} Bb6 {[%emt 0:00:01]} 11. Qd3 {[%emt 0:00:00]} h4 {[%emt 0:00:01]} 12. Ne4 {[%emt 0:00:01]} Nbd7 {[%emt 0:00:03]} 13. a4 {[%emt 0:00:02]} Bc7 {[%emt 0:00:02]} 14. b4 {[%emt 0:00:01]} Ng4 {[%emt 0:00:02]} 15. h3 {[%emt 0:00:04]} Nh6 {[%emt 0:00:01]} 16. Ng5 {[%emt 0:00:05]} Nf5 {[%emt 0:00:00]} 17. c4 {[%emt 0:00:02]} Nf6 {[%emt 0:00:01]} 18. Bb2 {[%emt 0:00:01]} Nh5 {[%emt 0:00:01]} 19. Ne4 {[%emt 0:00:03]} Qd7 {[%emt 0:00:03]} 20. Rad1 {[%emt 0:00:01]} O-O-O {[%emt 0:00:01]} 21. Kg1 {[%emt 0:00:03]} Rhg8 {[%emt 0:00:02]} 22. Rf3 {[%emt 0:00:00]} f6 {[%emt 0:00:01]} 23. Kf1 {[%emt 0:00:02]} g5 {[%emt 0:00:01]} 24. fxg5 {[%emt 0:00:00]} fxg5 {[%emt 0:00:00]} 25. Nc5 {[%emt 0:00:03]} Qd6 {[%emt 0:00:03]} 26. Rxf5 {[%emt 0:00:01]} exf5 {[%emt 0:00:01]} 27. Qxf5+ {[%emt 0:00:00]} Kb8 {[%emt 0:00:00]} 28. Ke1 {[%emt 0:00:01]} Rgf8 {[%emt 0:00:01]} 29. Qg4 {[%emt 0:00:00]} Ng3 {[%emt 0:00:02]} 30. Nxg3 {[%emt 0:00:01]} hxg3 {[%emt 0:00:01]} 31. Kd2 {[%emt 0:00:01]} Rf2+ {[%emt 0:00:01]} 32. Kc1 {[%emt 0:00:01]} Qg6 {[%emt 0:00:02]} 33. Ne4 {[%emt 0:00:02]} Rf4 {[%emt 0:00:02]} 34. Qxg3 {[%emt 0:00:07]} Qxe4 {[%emt 0:00:01]} 35. Qd3 {[%emt 0:00:01]} Qxg2 {[%emt 0:00:01]} 36. Rd2 {[%emt 0:00:01]} Rf1+ {[%emt 0:00:01]} 37. Kc2 {[%emt 0:00:01]} Qg1 {[%emt 0:00:01]} 38. d5 {[%emt 0:00:03]} cxd5 {[%emt 0:00:01]} 39. Bd4 {[%emt 0:00:01]} Rc1+ {[%emt 0:00:03]} 40. Kb3 {[%emt 0:00:01]} Qf1 {[%emt 0:00:01]} 41. Qxf1 {[%emt 0:00:03]} Rxf1 {[%emt 0:00:00]} 42. c5 {[%emt 0:00:00]} b6 {[%emt 0:00:01]} 43. Rg2 {[%emt 0:00:03]} Rf4 {[%emt 0:00:01]} 44. Kc3 {[%emt 0:00:01]} bxc5 {[%emt 0:00:01]} 45. bxc5 {[%emt 0:00:00]} Ba5+ {[%emt 0:00:01]} 46. Kd3 {[%emt 0:00:01]} Rf3+ {[%emt 0:00:01] Czas partii (Lag: Av=0.57s, max=1.4s)} 0-1

[Event "Stay Safe Play From Home 317"]
[Site "Emanuel Lasker Arena"]
[Date "2020.07.20"]
[Round "7"]
[White "TheCHESSHOUSE"]
[Black "Haxhi Baha"]
[Result "1-0"]
[WhiteElo "2107"]
[BlackElo "2056"]
[Annotator "TA"]
[PlyCount "87"]
[EventDate "2020.07.20"]
[EventType "swiss (blitz)"]

{[%evp 17,87,47,75,85,170,7,29,33,113,53,50,33,226,226,227,220,167,0,-5,-2,79,39,44,59,93,0,109,114,221,31,126,-16,0,-4,-9,-13,-3,-23,15,0,48,52,76,-219,147,95,109,87,201,70,78,74,1286,1266,1233,1227,2168,2204,1940,1940,29977,29974,29980,29975,29982,29981,29989,29987,29992,29983,29991,29969]} 1. d4 d5 2. c4 e5 3. dxe5 d4 4. Nf3 Nc6 5. g3 Nge7 6. Bg2 Ng6 7. O-O Bg4 8. Nbd2 Qd7 9. Nb3 O-O-O 10. Bg5 {[#] D09: Albin Counter Gambit: Main line with 5 g3.} Re8 $146 (10... Be7 $16) ({Predecessor:} 10... Be7 11. Bxe7 Qxe7 12. Qd3 Ncxe5 13. Nxe5 Qxe5 14. Rfe1 {½-½ (14) Soural,J (2189)-Kolar,P (2189) Czech Republic 2018}) 11. Bf4 $2 ({Much less strong is} 11. Nfxd4 Ngxe5 12. Bf4 Nxd4 $16) (11. Nbxd4 $18 {Black must now prevent Qb3.} Nxd4 12. Nxd4 (12. Qxd4 Qxd4 13. Nxd4 Nxe5 $16)) 11... Nxf4 12. gxf4 {[%cal Rf3d4] White has an edge.} Bh3 {[#]} (12... f6 $14) 13. Nbxd4 (13. Bxh3 $1 $16 Qxh3 14. Kh1 (14. Nfxd4 Qg4+ 15. Kh1 Qxf4 $11)) 13... Bxg2 $1 $14 14. Kxg2 {Threatens to win with Qa4.} Qg4+ $2 ({Black should play} 14... Rd8 $1 $14) 15. Kh1 $18 {aiming for Nxc6.} Qxf4 16. Nxc6 bxc6 17. e3 $2 (17. Qa4 $18 Kb7 18. Rac1) 17... Qe4 $11 18. Rg1 $132 {[%mdl 2048] White has counterplay} h6 (18... Rxe5 $1 $11 19. Rg2 Ra5) 19. Rg2 g5 20. Nd2 Qxe5 {[#]} 21. Qf3 (21. Qa4 $1 $16) 21... Bd6 (21... Qxb2 $11 {keeps the balance.} 22. Nb3 Re6) 22. Qxc6 f5 (22... Kb8 $16 {was called for.}) 23. Nf3 $2 (23. Rd1 $18) 23... Qc5 (23... Qe4 $1 $14 24. Qa6+ Qb7 25. Qxb7+ Kxb7) 24. Qa8+ ({Better is} 24. Qa6+ $16 Kb8 25. Rd1) 24... Kd7 25. Qd5 Qxd5 26. cxd5 g4 27. Nd4 Rhf8 28. Ne6 Rf6 29. Rc1 c6 30. dxc6+ $2 {[%mdl 8192]} (30. Ng7 $16 {stays on course.} Rc8 31. Rgg1) 30... Kc8 $2 ({Black should try} 30... Kxe6 $19 31. Rgg1 h5) 31. Nd4 (31. Ng7 $142 Re5 32. Nh5) 31... Bc7 32. a3 f4 (32... h5 $16) 33. exf4 (33. Rxg4 $18 {Strongly threatening Nb5.} fxe3 34. fxe3) 33... Rxf4 34. Nb5 Bb6 $2 {[%mdl 8192]} (34... a6 $16 35. Nc3 (35. Nxc7 Kxc7 36. Rc2 h5 $16) 35... Rd8) 35. Nd6+ $18 {[%mdl 64] Double Attack} Kd8 36. Nxe8 Kxe8 37. c7 Bxc7 38. Rxc7 {[%mdl 4096] Endgame} Rd4 39. Rg1 {White mates.} h5 40. Kg2 h4 41. Re1+ Kd8 42. Rxa7 Rd2 43. Kg1 g3 44. Rc1 {Accuracy: White = 32%, Black = 32%.} 1-0

[Event "Stay Safe Play From Home 317"]
[Site "Emanuel Lasker Arena"]
[Date "2020.07.20"]
[Round "7"]
[White "Bardellosport"]
[Black "Klasman"]
[Result "1-0"]
[WhiteElo "2013"]
[BlackElo "1375"]
[Annotator "TA"]
[PlyCount "53"]
[EventDate "2020.07.20"]
[EventType "swiss (blitz)"]

{[%evp 9,53,-3,-6,-7,-2,-16,-10,-37,-27,-42,-25,-22,-7,-10,227,127,104,106,112,83,241,233,371,377,476,452,458,365,413,345,874,870,2917,2757,3438,3358,2456,1791,2452,2510,29990,29991,29991,29992,29994,29993]} 1. d4 f5 2. e3 Nf6 3. f4 e6 4. c3 d5 5. Nf3 c5 6. Bd3 {A80: Dutch Defence: Unusual White second moves.} c4 7. Bc2 Nc6 {[#]} 8. Qe2 $146 {The position is equal.} ({Predecessor:} 8. O-O Bd6 9. Ne5 Bd7 10. Nd2 O-O 11. Ndf3 Ne4 12. Nxc6 Bxc6 13. Ne5 Be8 14. Bd2 {1-0 (54) Ferencak,J (1843)-Fenda,Z (1883) Slovakia 2019}) 8... Bd6 9. Nbd2 Bd7 10. O-O h6 11. Ne5 Bxe5 $2 (11... O-O $11) 12. dxe5 (12. fxe5 $18 Ng4 13. h3 Ngxe5 14. dxe5) 12... Ne4 $16 13. Nxe4 fxe4 14. b3 O-O $2 (14... b5 $16) 15. bxc4 $18 dxc4 (15... Rc8 {might work better.} 16. cxd5 exd5) 16. Qxc4 Qh4 17. Qxe4 {Hoping for Qh7+.} Rf5 18. g3 Qh5 19. Qg2 {And now g4 would win.} Nd8 $2 (19... Rf7 20. Ba3 Nd8) 20. g4 {[%mdl 64] [#] Double Attack} Rxf4 21. gxh5 Rxf1+ 22. Kxf1 Nf7 {[#]} 23. Qg6 $1 {White threatens Qh7+ and mate.} Nxe5 24. Qh7+ Kf8 25. Qh8+ {White mates.} Kf7 26. Qxa8 {[%mdl 64] Double Attack} Bc6 27. Qd8 {Accuracy: White = 73%, Black = 31%.} 1-0

[Event "Stay Safe Play From Home 317"]
[Site "Emanuel Lasker Arena"]
[Date "2020.07.20"]
[Round "7"]
[White "Greblha"]
[Black "Buzaglo"]
[Result "1-0"]
[WhiteElo "1909"]
[BlackElo "1894"]
[Annotator "TA"]
[PlyCount "95"]
[EventDate "2020.07.20"]
[EventType "swiss (blitz)"]

{[%evp 9,94,8,16,18,38,-17,-1,-11,18,-16,5,-6,23,15,7,-75,-69,-98,-57,-49,-51,-45,-55,-147,-60,-87,0,0,0,0,0,-32,21,7,232,233,322,141,162,150,556,515,527,495,700,506,642,626,697,527,718,687,797,725,971,968,968,853,1231,920,957,956,937,925,895,766,1463,1279,29987,29988,29988,29989,29989,29990,29990,29991,29991,29990,29990,29990,29990,29991,29996,29990,29990,29990,29999]} 1. e4 e6 2. d4 d5 3. exd5 exd5 4. Bd3 c5 5. c3 c4 6. Bc2 {C01: French: Exchange Variation.} Nf6 7. Ne2 (7. Nf3 $14) 7... Bd6 $11 8. O-O {The position is equal.} Bg4 {[#]} 9. Be3 $146 ({Predecessor:} 9. f3 Bh5 10. Bf4 O-O 11. b3 cxb3 12. Bxb3 h6 13. Re1 Nc6 14. Bg3 Qc7 15. Na3 Bxg3 16. Nxg3 {0-1 (43) Goverde,R-Willemze,J (2269) Hengelo 1999}) 9... Nc6 10. Nd2 Qc7 11. h3 Bh5 12. g4 (12. Re1 $11) 12... Bg6 $17 13. Nf3 Bxc2 14. Qxc2 h5 15. g5 Ne4 16. Qc1 (16. Nd2 $15) 16... g6 (16... O-O-O $17 17. Bf4 f6 18. Bxd6 Qxd6) 17. Bf4 Bxf4 ({Better is} 17... O-O-O $17) 18. Qxf4 $11 O-O-O 19. Qxc7+ Kxc7 20. Ng3 Nxg3 (20... Nd6 $15) 21. fxg3 Ne7 $2 (21... Rhe8 $11 {and Black has nothing to worry.}) 22. Ne5 $18 Nf5 {[#]} 23. g4 ({Don't play} 23. Nxf7 $6 Nxg3 24. Nxh8 Nxf1 $18) (23. Rxf5 $1 $18 {[%mdl 512] has better winning chances.} gxf5 24. Nxf7 {[%mdl 64] Double Attack}) 23... hxg4 24. hxg4 ({Inferior is} 24. Nxf7 Rxh3 25. Rxf5 (25. Nxd8 Rg3+ 26. Kh1 Rh3+ 27. Kg1 Rg3+ 28. Kf2 Kxd8 $11) 25... gxf5 $11) 24... Ne3 $2 {This costs Black the game.} (24... Nd6 $16 {is tougher.}) 25. Rxf7+ Kb8 26. Re1 Nc2 (26... Rh3 $142 27. Nxg6 Rg8) 27. Ref1 Rh3 28. Kg2 Re3 29. R1f6 Re2+ 30. Kf3 Re1 31. Rf8 Rxf8 32. Rxf8+ {[%mdl 4096] Endgame KRN-KRN} Kc7 33. Nxg6 Re3+ 34. Kf4 Re2 35. Ne5 Rf2+ 36. Nf3 Ne1 37. Rf7+ Kb6 38. Kg3 Rxf3+ 39. Rxf3 {White mates.} Nxf3 40. Kxf3 {KP-KP} a5 41. g6 a4 42. g7 a3 43. g8=Q axb2 44. Qe6+ Ka5 45. Qxd5+ {[%mdl 64] [#] Double Attack} b5 46. Qa8+ Kb6 47. Qb8+ Ka5 48. Qa7# {Accuracy: White = 57%, Black = 30%.} 1-0

[Event "Stay Safe Play From Home 317"]
[Site "Emanuel Lasker Arena"]
[Date "2020.07.20"]
[Round "7"]
[White "Trotsky"]
[Black "Haris kollari 13"]
[Result "0-1"]
[WhiteElo "1647"]
[BlackElo "1714"]
[Annotator "NA RC"]
[PlyCount "42"]
[EventDate "2020.07.20"]
[EventType "swiss (blitz)"]

1. d4 {[%emt 0:00:01]} e6 {[%emt 0:00:00]} 2. e3 {[%emt 0:00:00]} d5 {[%emt 0:00:01]} 3. c4 {[%emt 0:00:01]} c6 {[%emt 0:00:01]} 4. Nc3 {[%emt 0:00:01]} f5 {[%emt 0:00:01]} 5. Nf3 {[%emt 0:00:01]} Nf6 {[%emt 0:00:00]} 6. Bd3 {[%emt 0:00:01]} Bd6 {[%emt 0:00:01]} 7. Qc2 {[%emt 0:00:01]} O-O {[%emt 0:00:01]} 8. c5 {[%emt 0:00:00]} Bc7 {[%emt 0:00:02]} 9. h4 {[%emt 0:00:01]} b6 {[%emt 0:00:01]} 10. Bd2 {[%emt 0:00:01]} bxc5 {[%emt 0:00:01]} 11. g4 {[%emt 0:00:01]} c4 {[%emt 0:00:01]} 12. Be2 {[%emt 0:00:02]} Nxg4 {[%emt 0:00:02]} 13. Ng5 {[%emt 0:00:04]} h6 {[%emt 0:00:01]} 14. f3 {[%emt 0:00:04]} Nf6 {[%emt 0:00:04]} 15. e4 {[%emt 0:00:04]} fxe4 {[%emt 0:00:03]} 16. O-O-O {[%emt 0:00:03]} exf3 {[%emt 0:00:05]} 17. Bxf3 {[%emt 0:00:03]} e5 {[%emt 0:00:02]} 18. Rdg1 {[%emt 0:00:08]} e4 {[%emt 0:00:01]} 19. Be2 {[%emt 0:00:08]} Bf5 {[%emt 0:00:01]} 20. Ngxe4 {[%emt 0:00:10]} Nxe4 {[%emt 0:00:03]} 21. Nxe4 {[%emt 0:00:04]} Bxe4 {[%emt 0:00:01] Âðåìÿ (Lag: Av=0.35s, max=0.7s)} 0-1

[Event "Stay Safe Play From Home 317"]
[Site "Emanuel Lasker Arena"]
[Date "2020.07.20"]
[Round "8"]
[White "AChessPlayer"]
[Black "NTBT_DHS"]
[Result "1-0"]
[WhiteElo "2416"]
[BlackElo "2516"]
[Annotator "TA"]
[PlyCount "119"]
[EventDate "2020.07.20"]
[EventType "swiss (blitz)"]

{[%evp 11,119,0,6,0,12,0,24,-8,0,-22,0,-75,-72,-76,-53,-38,-58,-62,67,-145,-122,-302,-80,-106,-110,-112,-76,-83,-83,-158,-156,-143,-117,-177,-112,-160,-174,-161,-170,-193,-212,-188,-197,-313,-129,-134,-137,-286,-249,-264,-273,-256,-177,-201,254,-27,-20,-19,380,-245,103,85,1337,1335,1274,-220,-70,-173,32,-791,-804,-791,-754,-769,-761,-751,-751,-747,-664,-770,-628,-755,-623,-827,-444,-639,-454,-29985,-29986,-29988,-29989,-29990,-29986,-29993,-29989,-29993,-29987,-29987,-29988,-29991,-29989,-29988,-29967,-29989,-29986,-29993,-29981,-29993,-29980,-29985]} 1. e3 g6 2. Nf3 Bg7 3. c3 d6 4. d4 Nf6 5. Bd3 O-O 6. O-O c5 7. Re1 {A48: 1 d4 Nf6 2 Nf3 g6: Torre, London and Colle Systems.} Nc6 8. Nbd2 Rb8 {[#]} 9. a3 $146 {White has an edge.} ({Predecessor:} 9. a4 b6 10. Rb1 e5 11. dxc5 dxc5 12. Bb5 Bb7 13. e4 Qc7 14. Qc2 a6 15. Bf1 {0-1 (53) Janoszka,A (2300)-Haensel,T (2348) Germany 2008}) 9... b5 10. b4 a5 {[%cal Ra5b4]} 11. Rb1 (11. a4 $11 {keeps the balance.} c4 12. axb5 cxd3 13. bxc6 axb4 14. cxb4) 11... axb4 $17 12. axb4 cxb4 13. cxb4 Nd5 14. Qb3 Be6 (14... Ncxb4 15. Bf1 $16) (14... Ndxb4 $15 15. Be2 Na6) 15. Qb2 $2 (15. Ng5 $14 {stays ahead.}) 15... Ndxb4 16. Be4 $2 (16. Bf1 $17) 16... Bd5 $2 (16... d5 $19 17. Bc2 Rc8) 17. Bxd5 Nxd5 18. e4 Nc7 19. Nb3 b4 20. Be3 (20. Qc2 $142 Qd7 21. Bd2) 20... Nb5 $1 21. Rbc1 Nc3 22. Qc2 (22. Bd2 $17 {was necessary.}) 22... Qd7 (22... Na5 $19 23. Bd2 Rc8) 23. d5 Ne5 24. Nxe5 Bxe5 (24... dxe5 25. Na5 $15) 25. f4 Bg7 26. Nd4 Rfc8 {aiming for ...Nxd5!} 27. Nc6 (27. Qd3 {was the only chance.}) 27... Rb7 (27... b3 $1 $19 {[%cal Rb3c2] is more deadly.} 28. Nxb8 Rxb8) 28. Qb3 e6 29. Bf2 (29. Bd2 $17) 29... exd5 $19 30. exd5 Bf6 31. h3 Kg7 32. Qc4 Rb5 $4 {[%mdl 8192] [#]} (32... h5 $19 {and life is good for Black. Strongly threatening ...Qf5.} 33. Kh1 Qf5) 33. Bd4 $2 (33. Rxc3 $1 $18 {[%mdl 512] Hoping for Rb3.} Rxd5 (33... bxc3 34. Qxb5) 34. Qxd5 (34. Rcc1 Rc5 $14) 34... bxc3 35. Bd4) 33... Bxd4+ $11 34. Qxd4+ Kh6 $2 {[%mdl 8192]} (34... f6 $1 $11 {and Black is okay.} 35. Nxb4 (35. Re7+ $2 Qxe7 {[%mdl 64] Remove Defender} 36. Nxe7 Ne2+ {[%mdl 64] Double Attack, Discovered Attack} 37. Kf2 Nxd4 $19) 35... Ne2+ $1 {[%mdl 576] Discovered Attack, Deflection} 36. Rxe2 Rxc1+ 37. Kh2 Qf7) 35. Re7 $4 {[%mdl 8192] [#]} (35. Ne7 $1 $18 {is the narrow road to win.}) 35... Qf5 $2 ({Better is} 35... Qxe7 $1 $19 {[%mdl 512]} 36. Nxe7 Ne2+ {[%mdl 64] Double Attack, Discovered Attack} 37. Kf2 Nxd4 38. Nxc8 Rxd5) 36. g4 $16 Qxd5 $2 {[%mdl 8192]} (36... Rxd5 $16 37. gxf5 Ne2+ 38. Rxe2 Rxd4) 37. g5+ $1 $18 Kh5 {[#]} 38. Qxd5 $4 {[%mdl 8192]} (38. Qg7 $1 $18 {[%cal Rg7h7][%mdl 512] was the only winning move.} Kh4 39. Qxh7+ (39. Nd4 h5 $11) 39... Kg3 40. Re3+ Qf3 41. Rxf3+ Kxf3 42. Rf1+ Ke3 43. Qxf7) 38... Rxd5 (38... Nxd5 $19 39. Rxf7 {[#]} Nxf4 $1 {[%mdl 512]} 40. Rxf4 b3) 39. Nxb4 ({Only move:} 39. Rxf7 $15 Kh4 40. Ne7 (40. Nxb4 Rd2 $17)) 39... Ne2+ $2 (39... Rd2 $19 40. Kf1 Kh4 41. Rxf7 Kg3) 40. Rxe2 $2 {[%mdl 8192]} (40. Kf2 $14 Nxc1 41. Nxd5) 40... Rxc1+ $14 {[%mdl 4096] Endgame KRR-KRN} 41. Kf2 Rdd1 42. Na2 Rf1+ 43. Kg2 Ra1 44. Nc3 Rg1+ 45. Kf2 Rh1 46. Ne4 {If White can now play Ng3+ this consolidates a bit.} Raf1+ 47. Ke3 Rfg1 48. Kd4 (48. Nxd6 $142 Rxh3+ 49. Ke4) 48... Rxh3 {...Rd1+ is the strong threat.} 49. Re3 (49. Nxd6 $19 Rf3 50. Ke5) 49... Rd1+ {Black mates.} 50. Kc4 Rxe3 51. Nf2 Rde1 52. Kb5 Kh4 53. f5 {[#]} Re4 $1 54. fxg6 (54. Nxe4 Rxe4) 54... hxg6 55. Kc6 Re5 56. Nd3 Rxg5 57. Nf4 Rg4 58. Ng2+ Kh5 59. Kd7 Rg3 60. Nf4+ {[%mdl 32768] What a bad dream for White. Accuracy: White = 31%, Black = 42%. . Loss on time!?} 1-0